| 000 | 00391 a2200157 4500 | ||
|---|---|---|---|
| 001 | 190574 | ||
| 020 | _a0-7112-2122-7 | ||
| 040 | _cMagnum | ||
| 100 | _aIlyn, Andrey | ||
| 240 | 1 | 0 |
_aPolina´s day: from dawn to dusk in a russian city _lING |
| 245 | 1 | 0 | _aPolina´s day: from dawn to dusk in a russian city |
| 300 | _a27 | ||
| 362 | 0 | _a2003 | |
| 697 | _aLITERATURA INGLESA | ||
| 942 | _cBK | ||
| 999 |
_c190574 _d190574 |
||